| 000 | 00410nam a2200181Ia 4500 | ||
|---|---|---|---|
| 001 | 11241 | ||
| 005 | 20260306161932.0 | ||
| 008 | 260306t2018||||xx |||||||||||||| ||spa|| | ||
| 041 | _aESP | ||
| 082 |
_a985.019 _bS744 |
||
| 100 |
_aShimada, Izumi _eAUT |
||
| 245 | 0 | _aEl Imperio inka | |
| 260 | _c2018 | ||
| 300 |
_a743 páginas : _c24 cm. |
||
| 650 | _aGEN | ||
| 654 | _aCHU | ||
| 942 |
_cLIB _dJUS _fJUS _2ddc _n |
||
| 999 |
_c11241 _d11241 |
||